01726nam a2200349 a 4500001001200000003000800012006001900020007001500039008004100054010001700095020001800112020002700130040002100157035002100178050002600199082001700225245009300242260004400335300002400379500007400403504004100477505040400518533015200922650002901074650004901103655002901152700001901181710001601200710001701216856012601233999001701359ebr10571262CaPaEBRm u cr cn|||||||||120510s2012 dcua sb 000 0 eng d z 2012018557 z9780821395516 z9780821395523 (e-book) aCaPaEBRcCaPaEBR a(OCoLC)79546624414aHC79.E5bI5133 2012eb04a338.9/2722300aInclusive green growthh[electronic resource] :bthe pathway to sustainable development. aWashington, D.C. :bWorld Bank,cc2012. axvi, 171 p. :bill. a"This report was written by a team led by Marianne Fay [... et al.]." aIncludes bibliographical references.0 aAn analytical framework for green growth -- Fostering environment-friendly behavioral change through market and non-market mechanisms -- Innovation and other industrial policies -- Human capital: implications of green growth policies for labor markets and job creation -- Natural capital -- Physical capital: the role of infrastructure in green growth strategies -- Crafting a green growth strategy. aElectronic reproduction.bPalo Alto, Calif. :cebrary,d2011.nAvailable via World Wide Web.nAccess may be limited to ebrary affiliated libraries. 0aSustainable development. 0aEconomic developmentxEnvironmental aspects. 7aElectronic books.2local1 aFay, Marianne.2 aWorld Bank.2 aebrary, Inc.40uhttp://site.ebrary.com/lib/rucke/Doc?id=10571262zAn electronic book accessible through the World Wide Web; click to view c80870d80870